Invincible Compendium 1 Quiz - Statistics

General Stats
  • This quiz has been taken 411 times
  • The average score is 9 of 10
Answer Stats
Question Answer % Correct
Finish the line: "What will you have in 500 years?" You, Dad
98%
Who's DNA does Robot steal to clone himself a new body? Rex Sloan
97%
What is Mark doing when he finally gains his powers? Taking out the trash at Burger Mart
97%
Who is the main costume supplier for Invincible and Omni-Man? Art Rosenbaum
96%
Who helps Robot clone his new body? The Mauler Twins
92%
Who revives The Immortal after Omni-Man kills him the first time? The Mauler Twins
91%
What planet was Allen the Alien originally assigned to before he mistakenly arrived to Earth instead? Urath
87%
Who was the first Guardian of the Globe that Omni-Man killed? Red Rush
81%
Contrary to the animated series, what does Mark have to do to atone for Omni-Man's murder of King Aquarus? Marry the King's widow and consumate their marriage in front of her subjects
75%
Other than Rex, who dated Atom Eve before Invincible did? William Clockwell
49%
No matching quizzes found
Score Distribution
Percent of People with Each Score
Percentile by Number Answered
Your Score History
You have not taken this quiz